| 000 | 00696nam a2200241Ia 4500 | ||
|---|---|---|---|
| 008 | 160319s9999 xx 000 0 und d | ||
| 020 | _a971-574-051-0 | ||
| 050 | _aFIL PE 1408 | ||
| 050 | _b.A68 2001 c.1 | ||
| 100 | _aAquino, Fe O. | ||
| 245 | _aEnglish for college learners / | ||
| 245 | _cFe O. Aquino. | ||
| 260 | _aQuezon City: | ||
| 260 | _bKatha Pub. Co., Inc., | ||
| 260 | _c2001 | ||
| 300 | _a260 pages : | ||
| 300 | _billustrations ; | ||
| 300 | _c26 cm. | ||
| 500 | _aIncludes bibliographical references. | ||
| 650 | _aEngligh language -- Study and teaching (Higher). | ||
| 650 | _aEnglish -- Textbooks. | ||
| 650 | _xEnglish language -- Composition and exercises. | ||
| 999 |
_c291768 _d291768 |
||